[Event "Sinquefield Cup 4th"]
[Site "Saint Louis"]
[Date "2016.08.06"]
[Round "2"]
[White "Vachier Lagrave, Maxime"]
[Black "Anand, Viswanathan"]
[Result "0-1"]
[WhiteElo "2819"]
[BlackElo "2770"]
[Annotator "Sumets,A"]
[PlyCount "92"]
[EventDate "2016.08.05"]
[EventType "tourn"]
[EventRounds "9"]
[EventCountry "USA"]
[EventCategory "22"]
[SourceTitle "CBM 174"]
[Source "ChessBase"]
[SourceDate "2016.09.13"]
[SourceVersion "1"]
[SourceVersionDate "2016.09.13"]
[SourceQuality "1"]

1. e4 c6 2. Nf3 d5 3. Nc3 Nf6 $5 ({The line} 3... Bg4 4. h3 Bxf3 {is more
reliable but much more passive.}) 4. e5 Ne4 5. Ne2 Qb6 6. d4 e6 ({Another
continuation} 6... c5 {is not popular nowadays} 7. dxc5 Qxc5 8. Ned4 Nc6 9. Bb5
Bd7 10. O-O e6 (10... Nxe5 11. Nxe5 Bxb5 {Nezhmetdinov, R - Kamyshov,M 1950}
12. b4 $5 Qxb4 13. Ba3 Qxa3 (13... Qa4 14. Nxb5 Qxb5 15. Rb1 Qa5 16. Rxb7 $18)
14. Nxb5 Qc5 15. c4 e6 16. Qa4 Ke7 17. cxd5 Qxd5 18. Nf3 $16) 11. Be3 Qb4 12.
c4 Qxb2 13. cxd5 Nc3 14. dxe6 $1 Nxd1 15. exd7+ Kd8 16. Raxd1 Nxd4 17. Nxd4 Bc5
18. Bc4 Bxd4 19. Bxd4 Qc2 20. Bxf7 $18 {Svetushkin,D (2554)-Landa,K (2635)
Rijeka 2010 1-0 (32)}) 7. Nfg1 f6 8. f3 Ng5 9. exf6 gxf6 10. f4 Ne4 ({Maxime
has preferred 10...Nf7 when he played this line with Black:} 10... Nf7 11. Nf3
Be7 (11... c5 12. f5 Nc6 13. c3 Bd6 14. dxc5 Bxc5 15. Nf4 Bf2+ 16. Ke2 O-O 17.
fxe6 Bxe6 18. Nxe6 Rfe8 19. Qxd5 Nb4 $2 {is a very optimistic decision} (19...
Rad8 20. Qe4 Rd7 21. Qg4+ Ng5 $8 22. Nfxg5 fxg5 23. Qxg5+ Kh8 24. Qf6+ Kg8 25.
Qg5+ $11 (25. g3 Nd8 26. Qg5+ Kh8 27. Qf6+ Kg8 $11)) 20. cxb4 Rad8 21. Qf5
Rxe6+ 22. Qxe6 Qxe6+ 23. Kxf2 Ne5 $2 (23... Re8 24. Bd3 Qb6+ 25. Kf1 Qxb4 26.
Bd2 Qxb2 27. Rd1 $16) 24. Nxe5 Qxe5 25. Be2 Qf5+ 26. Bf3 Qc2+ 27. Be2 $2 (27.
Kg3 $1 Kh8 28. Be3 Rg8+ 29. Kh4 $18 {White's bishops control all the board.})
27... Qf5+ 28. Bf3 Qc2+ 29. Be2 {1/2 (29) Poetsch,H (2498)-Khenkin,I (2596)
Wiesbaden 2015}) (11... Bg7 12. Ng3 O-O 13. Nh5 e5 14. Nxg7 Kxg7 15. fxe5 fxe5
16. Be2 exd4 ({Black can't solve all his problems by means of} 16... e4 $5 17.
Nh4 Qd8 18. g3 Be6 19. Bf4 Nd7 20. Qd2 $14) 17. Qxd4+ Qxd4 18. Nxd4 c5 19. Nb5
Na6 20. O-O $16 {Dominguez Perez,L (2757)-Vachier Lagrave,M (2719) Tromsoe
2013 1/2 (54)}) 12. c4 dxc4 13. Nc3 Nd6 14. b3 cxb3 15. axb3 O-O 16. Bd3 Rf7
17. O-O Nb5 (17... Na6 $5 18. Na4 Qd8 19. Bxa6 bxa6 20. Ba3 $44) 18. Ne2 c5 19.
f5 $1 e5 20. Bxb5 $6 (20. Bc4 $1 cxd4 21. Ng3 Nd6 22. Bxf7+ Nxf7 23. Nd2 {
with a very strong attack}) 20... Qxb5 21. dxe5 Bxf5 22. Bb2 Nc6 23. exf6 Bxf6
24. Bxf6 Rxf6 25. Nh4 Rd8 26. Qe1 Rdf8 27. Nxf5 Rxf5 28. Qg3+ Kh8 29. Qc3+ Kg8
30. Qg3+ Kh8 31. Qc3+ Kg8 {1/2 (31) Grischuk,A (2747)-Ding Liren (2778)
Wenzhou CHN 2016}) 11. Ng3 Bd7 $146 {A novelty and quite a logical development.
Black's knight will be developed after ...Na6 and after Qh5+ Black's king can
hide ...Kd8, ...Kc7. Let's have a look at other continuations:} (11... Kd8 12.
c3 Nd6 $6 (12... Rg8 13. Qc2 f5 14. Nf3 Bd7 $13) 13. Nf3 Nd7 14. Be2 (14. Bd3
$5 h5 15. Nh4 $16) 14... Rg8 15. O-O c5 $2 16. Kh1 Rxg3 17. hxg3 Ne4 18. Kh2 f5
19. Ne5 Ndf6 20. g4 Bd7 21. g5 $18 {Salgado Lopez,I (2651)-Petrov,M (2439)
Izmir TUR 2016 1-0 (28)}) (11... c5 $6 {Black pieces aren't well-developed and
his king is in the centre so 11...c5 can't be recommended.} 12. Bd3 (12. Nxe4
$5 {It is seems to me that this continuation should be stronger than Bd3:} dxe4
13. d5 $1 Bg7 $6 (13... f5 14. Qh5+ (14. Nh3 exd5 15. Qxd5) 14... Kd8 15. Bc4
Be7 (15... exd5 16. Bxd5 Bd7 17. Be3 Qxb2 18. Qd1 Nc6 19. Rb1 Qc3+ 20. Bd2 Qf6
21. Ne2 $40) 16. Bd2 exd5 17. Bxd5 Nd7 18. Qh3 Rf8 19. O-O-O Kc7 20. Ne2 $16)
14. Qh5+ Kf8 15. Be3 f5 16. Rd1 Na6 17. Bxa6 bxa6 18. Ne2 Bd7 19. c3 $16 {
Dann,M (2477)-Zubarev,A (2548) Boeblingen GER 2015 1/2 (60)}) 12... f5 13. Qh5+
Kd8 14. Nf3 Nd7 (14... cxd4 $5 15. O-O (15. Ne5 $6 Qb4+ 16. Kf1 Kc7 17. Ng6 Nf6
18. Qh4 Rg8 $17) 15... Bd7 16. a4 Nc6 17. a5 Nxa5 18. Ne5 Be8 19. Qh4+ Be7 20.
Qh6 Bf8 $11) 15. Bxe4 dxe4 16. Ng5 Kc7 17. Be3 Kb8 18. O-O-O Nf6 $2 (18... c4
19. Qf7 c3 20. b3 (20. bxc3 Ba3+ 21. Kd2 Rf8 22. Qxe6 Qc7 23. Qb3 Nb6 24. Ke2
Nc4 $44)) 19. Qf7 Nd5 20. dxc5 Bxc5 21. Bxc5 Qxc5 22. Nxe6 Qe3+ $2 (22... Bxe6
23. Qxe6 $16) 23. Rd2 $18 {Bacrot,E (2697)-Tari,A (2556) Caleta ENG 2016 1-0 
(30)}) (11... Nd7 $5 {Unfortunately, at this moment, it has been played only
in one game.} 12. Nxe4 dxe4 13. c3 $6 (13. Qh5+ Ke7 14. Nh3 $5 Qxd4 15. c3 Qd5
16. Qh4 Nc5 17. Nf2 b6 (17... Nd3+ 18. Bxd3 exd3 19. Be3 c5 20. O-O-O c4 21.
Bd4 Bg7 22. Ng4 Qf5 23. Rhe1 $1 (23. Ne3 Qb5 24. Ng4 $11) 23... Kf7 24. Bxf6
Bxf6 25. Nh6+ Kg6 26. Nxf5 Bxh4 27. Nxh4+ Kf6 28. Re5 $16) 18. Be3 Nd3+ 19.
Nxd3 exd3 20. O-O-O Ba6 21. Bd4 Bg7 22. Bxd3 Bxd3 23. Rxd3 Qf5 24. Rhd1 Rad8
$11) 13... f5 $1 14. Qh5+ Ke7 15. Nh3 Nf6 16. Qh4 Rg8 17. Ng5 Rg6 18. a4 Bg7
19. a5 Qb3 20. Qf2 h6 21. Nh3 Ng4 $15 {Saric,I (2622)-Mchedlishvili,M (2639)
Fujairah 2012 1/2 (33)}) 12. Nxe4 dxe4 13. c3 Na6 {Vishy doesn't care that
after Qh5+ his king should go to c7 on foot.} ({Black could have tried} 13...
h5 $5 14. Qc2 f5 15. Be3 Na6 16. a4 Qd8 17. Bxa6 {otherwise Black's knight can
get to d5} (17. Nh3 Nc7 18. Ng5 Nd5 19. Qf2 Bd6 $15) 17... bxa6 18. Nh3 Qh4+
19. Bf2 Qg4 20. Be3 Qh4+ $11) ({Or even} 13... c5 {with the following lines:}
14. Qh5+ (14. d5 exd5 15. Qxd5 Nc6 16. Qxe4+ Ne7 17. Nf3 O-O-O 18. Be2 Nf5 19.
O-O Re8 20. Qc2 c4+ 21. Kh1 Qe6 22. Bd1 Bc6 $44) 14... Kd8 15. Qh4 Be7 16. dxc5
Qxc5 17. Qg3 Kc7 18. Be3 Qh5 19. Qf2 (19. Be2 Qg6 20. Qf2 Nc6 21. O-O-O Rad8
22. Nh3 $13) 19... Nc6 20. Bc4 Rad8 21. Ne2 ({Of course White can't take on a7:
} 21. Bxa7 $4 Nxa7 22. Qxa7 Bc5 $1 23. Qa5+ Kb8 24. b4 b6 $1 25. Qa6 Be3 $19)
21... Kb8 22. O-O-O Bc8 23. Ng3 Qg6 24. Bb5 $14) 14. Qh5+ Kd8 15. Bc4 Kc7 $6 {
After this move Black's position is very dangerous.} ({I believe that Vishy
should have preferred} 15... f5 $1 16. Qf7 Be7 17. a4 (17. Bxe6 $4 Rf8 $19)
17... Re8 $5 {Black needs to protect his bishop and then he can play ...Kc8.
The h7-pawn is not important.} (17... Rf8 $6 18. Qxh7 c5 19. Ne2 Nb4 $5 20. a5
Qd6 (20... Qc7 21. cxb4 cxd4 22. b3 d3 23. Be3 $1 Bxb4+ 24. Kf2 dxe2 25. Kxe2
$16) 21. cxb4 cxd4 22. b3 d3 23. Be3 Qxb4+ 24. Kf2 Rc8 25. Rac1 dxe2 26. Bxe2
Rc3 27. Rxc3 Qxc3 28. Rd1 $14) 18. Qxh7 Kc8 19. Nh3 c5 20. dxc5 Nxc5 21. a5 Qd6
22. Nf2 Kc7 23. Be3 Rh8 24. Qg7 Rhg8 25. Qd4 (25. Qh7 Rh8 $11) 25... Rxg2 26.
h4 Bc6 $11) 16. a4 (16. f5 $1 {was much stronger. For example:} e5 (16... exf5
17. a4 Qa5 (17... c5 $6 18. a5 Qc6 19. Bf4+ Bd6 20. d5 Be8 21. dxc6 Bxh5 22.
Bxd6+ Kxd6 23. cxb7 $18) (17... Re8 $4 18. a5 $18) 18. Ne2 Bd6 19. O-O Rae8 20.
b4 Nxb4 21. cxb4 Qxb4 22. Bf7 $16 {It's obvious that in this position the
knight is stronger than 3 pawns.}) 17. Qh4 Bd6 18. Ne2 exd4 (18... Nb4 $5 19.
Qxe4 Nd5 20. O-O $1 Rae8 21. Qh4 {Black has not enough compensation for the
sacrificed pawn}) 19. Nxd4 Rae8 20. O-O Nb4 21. Be3 c5 22. Ne6+ Bxe6 23. fxe6
$16) 16... c5 $8 17. Ne2 Rd8 18. Be3 f5 ({Black can't solve his problems by
means of} 18... Bd6 19. O-O Kb8 20. Rfd1 Rhg8 (20... Qc7 21. Bxa6 cxd4 22. Bxd4
e5 23. fxe5 fxe5 24. Bf2 bxa6 25. Ng3 $16) 21. d5 exd5 22. Qxd5 Bg4 23. Rd2 Rg7
24. a5 Qc7 25. Bxa6 bxa6 26. Ng3 $16) 19. O-O Kb8 20. Qf7 $6 ({I believe that
Maxime could have got an advantage after} 20. Rfd1 $1 Bc8 21. Qf7 Nc7 22. a5
Qc6 23. dxc5 Bxc5 (23... Rxd1+ 24. Rxd1 Bxc5 25. Nd4 Qd6 26. b4 Qe7 27. Qh5 Bd6
28. a6 $16) 24. Nd4 Bxd4 25. Rxd4 $8 $16) 20... Nc7 (20... Bd6 $5 21. a5 Qc7
22. Bxa6 Rhf8 $1 {and White should go for the move repetition after Qxh7} (
22... bxa6 23. dxc5 Bxc5 24. Bxc5 Qxc5+ 25. Nd4 $14) 23. Qxh7 Rh8 24. Qf7 Rdf8
25. Qg7 Rfg8 $11) 21. a5 Qc6 22. Qf6 Bd6 23. dxc5 Bxc5 24. Nd4 $14 {Black's
pieces are misplaced, so White's position is still better. White can combine
an attack on the queenside with pressure on the e6-pawn.} Qd6 $8 25. b4 (25.
Rfd1 $1 Qe7 26. Qxe7 Bxe7 27. Rd2 $14) 25... Qe7 ({Probably} 25... Qf8 {
was a more reliable continuation:} 26. Qxf8 (26. Qh4 $5 Be7 27. Qf2 a6 28. Rab1
Qe8 29. Be2 Rg8 $132) 26... Bxf8 27. Rfd1 Bg7 28. Rac1 Ba4 29. Rd2 Rhe8 $11)
26. Qh6 Bd6 27. Rad1 Rhf8 28. Bf2 Rf6 29. Qh4 Nd5 $6 ({As an alternative I can
propose} 29... Rg8 $5 30. Nxf5 exf5 31. Bxg8 e3 32. Bxe3 Qxe3+ 33. Kh1 Qe7 34.
Qxh7 Bc6 35. Qxe7 Bxe7 $13 {Despite White's material advantage, Black's
chances are not worse.}) 30. Nxe6 $4 {A terrible blunder. Now White's position
is lost.} ({White should have played} 30. Bxd5 exd5 31. Qh3 Qg7 (31... Bxf4 $6
32. Bh4 Be5 33. Nxf5 Qe6 34. Bxf6 Bxf6 35. c4 $1 dxc4 36. Qh6 $16) 32. Qe3 {
This position seems to be dangerous for Black.} Rg6 (32... Bc7 33. Nb3 b6) 33.
g3 a6 34. Nc2 $1 (34. Nxf5 Bxf5 35. Rxd5 Be6 36. Qa7+ Kc8 37. Rc5+ Kd7 (37...
Bxc5 38. Qxc5+ Kd7 39. f5 Rf6 40. fxe6+ Kxe6 41. Re1 $16) 38. Qxb7+ Ke8 39.
Qxe4 Bxc5 40. Bxc5 Qxc3 $1 41. f5 Rxg3+ 42. hxg3 Qxg3+ 43. Qg2 Qxg2+ 44. Kxg2
Bc8 {with good chances to make a draw.}) 34... Ba4 $1 (34... Bc6 35. c4 dxc4
36. Qa7+ Kc8 37. Ne3 Qf7 38. Rd4 c3 39. Nc4 Qf6 40. b5 $1 axb5 41. Nb6+ Kc7 42.
Nd5+ Bxd5 43. Rxd5 $18) 35. Qa7+ Kc8 36. Qa8+ Bb8 37. Ne3 Bxd1 38. Rxd1 Qf7 39.
c4 d4 40. Nd5 {White has enough compensation to make a draw.} Rxd5 41. cxd5 Qc7
$1 (41... e3 42. Rc1+ $18) (41... Qxd5 42. Bxd4 Rc6 43. Qxb8+ Kxb8 44. Ba7+
Kxa7 45. Rxd5 $16 {The rook ending is probably lost due to the miserable
position of Black's king.} e3 46. Kg2 Rc2+ 47. Kf3 Rxh2 48. Rxf5 e2 49. Re5)
42. Bxd4 Qc2 43. Rf1 Rh6 44. Rf2 (44. Bf2 $4 e3 $19) 44... Qb1+ 45. Kg2 (45.
Rf1 Qc2 $11) 45... e3 46. Bxe3 Qe4+ 47. Rf3 Rxh2+ 48. Kxh2 Qxf3 49. Ba7 Qe2+
$11) 30... Bxe6 31. Bxd5 e3 $1 32. Bxe3 {Other continuations are not better.} (
32. Rfe1 Bxd5 33. Bxe3 Be4 $19) (32. Bg3 e2 $19) 32... Bxd5 $19 33. Bxa7+ Kxa7
34. Qf2+ Bc5 $1 (34... Ka8 $6 35. Rxd5 Bb8 36. Rxd8 Qxd8 37. Qc2 $17) 35. Qxc5+
Qxc5+ 36. bxc5 Rd7 37. Rfe1 h6 38. Kf2 Kb8 39. c4 Bc6 40. Rxd7 Bxd7 41. Rb1 Ra6
42. Rb6 Rxa5 43. Rxh6 Rxc5 44. h4 Rxc4 45. g3 Kc7 46. h5 b5 0-1

[Event "London Classic 8th"]
[Site "London"]
[Date "2016.12.10"]
[Round "2"]
[White "Anand, Viswanathan"]
[Black "Vachier Lagrave, Maxime"]
[Result "1-0"]
[WhiteElo "2779"]
[BlackElo "2804"]
[Annotator "Mekhitarian,K"]
[PlyCount "65"]
[EventDate "2016.12.09"]
[EventType "tourn"]
[EventRounds "9"]
[EventCountry "ENG"]
[EventCategory "22"]
[SourceTitle "CBM 176"]
[Source "ChessBase"]
[SourceDate "2017.01.17"]
[SourceVersion "1"]
[SourceVersionDate "2017.01.17"]
[SourceQuality "1"]

1. e4 $1 {By far Anand's #1 choice} c5 2. Nf3 d6 3. d4 cxd4 4. Nxd4 Nf6 5. Nc3
a6 {It is always exciting seeing such a confrontation - Anand, known for his
extremely deep and ambitious opening preparation, continuously finding new
ideas and putting problems to his opponents. On the other side, we have one of
the world's top specialists in the Najdorf Variation (as White and Black) -
current number 4 in the world, having an amazing 2016 year, Maxime
Vachier-Lagrave or simply MVL. Both players had drawn their first round games,
meaning there was a higher chance they would both seek a very tense battle.} 6.
h3 $5 {[%cal Gg2g4] The Adams Attack has become a fashionable idea against the
Najdorf, leading to extremely complicated positions. I always found it weird
to have it called after Michael Adams, who is such a positional genius (he
indeed played it 5 times), but I have just come to realize it is named after
the American master Weaver Adams, who started playing it back in the 1940s!
Black has some options here, e5 being the most common.} e5 (6... Qc7 {was
tried in the very first game of this variation against Mr. Weaver in 1948} 7.
g4 e6 8. Bg2 Nc6 9. Be3 Na5 10. Qe2 Bd7 11. Rd1 h6 12. Bc1 $1 Be7 13. f4 O-O-O
14. O-O $36 {1-0 (29) Adams,W-Pavey,M Baltimore 1948, a very odd situation to
have White castle kingside and Black castle queenside in an Open Sicilian.
White went on to win it in 29 moves!}) 7. Nb3 {Anand has played this 7.Nb3
only once before (in 2014, against Nepomniachtchi). White's idea is to play
something like an English Attack (with Be3, f4 ideas, or even f4 right away,
normally connected with castling on the queenside).} (7. Nde2 {[%cal Gg2g4,
Ge2g3] is the most common move, aiming for g4-Ng3,} h5 {Black normally stops
White's kingside expansion with this move, and White develops with either g3
or Bg5 now, and even the creative Ng1 followed by Nf3 and Ng5 is possible.})
7... Be6 8. f4 Nbd7 9. g4 $5 {A very interesting move, preparing f5 under
better conditions. Now g5 is a threat. There are two important games that have
similarities to this one:} (9. Qf3 Rc8 10. f5 Bxb3 11. axb3 d5 $5 {is a
typical pawn sacrifice that probably led MVL to an important decision later in
this game, as you will see.} 12. exd5 e4 $5 (12... Bb4 $5) 13. Qg3 Nh5 $13 {
0-1 (57) Gormally,D (2488)-Vachier Lagrave,M (2757) Douglas 2014, with an
unclear position.}) (9. f5 Bxb3 10. axb3 d5 $1 {right away!} 11. exd5 Bb4 12.
Bd2 (12. g4 $2 {now fails drastically} Ne4 $1 $17) 12... O-O 13. Qe2 Bxc3 14.
bxc3 e4 $44 {1-0 (34) Sutovsky,E (2635)-Shirov,A (2712) Poikovsky 2015} (14...
Nxd5 $5)) 9... Rc8 $146 (9... b5 {has been played in 2014} 10. Bg2 (10. g5 $6
b4 $1 $132) 10... Nb6 11. g5 Nfd7 12. f5 Bc4 13. Na5 Rc8 $13 {0-1 (32)
Khismatullin,D (2714)-Duda,J (2563) Yerevan 2014, with complex play. 0-1 (32)
Khismatullin,D (2714)-Duda,J (2563) Yerevan 2014}) 10. f5 (10. g5 $2 {would be
a very bad mistake} Rxc3 $1 11. bxc3 (11. gxf6 Rc8 $17 {since White can not
take on g7 because of ...Qh4+}) 11... Nxe4 $17 {[%csl Rb3,Rc3,Re1][%cal Gh7h6]}
) 10... Bxb3 (10... Bc4 $6 11. Bxc4 Rxc4 12. Qd3 $16 {[%csl Rd5] the
light-squared bishop exchange is positionally good for White.}) 11. axb3 {
[%csl Re1][%cal Gg4g5] It is clear that White's position is threatening. g5
looks very annoying and Vachier-Lagrave has to do something, and here he
follows some very important advice - meet a flank attack with a central
counter-attack!} d5 $5 {Black decided to go for a pawn sacrifice, to open up
the position while White wants to create a wing attack (with g5). It goes to
reinforce the idea that MVL is a very brave player who doesn't shy away from
complications, even when it is clear that his opponent is in his preparation.}
(11... Rxc3 $5 {was a critical moment - the typical exchange sacrifice also
follows the golden counter-attack rule and looks very attractive, specially
because Black creates a devastating threat of ...Qh4+ now:} 12. bxc3 Nxe4 {
[%cal Rd8h4]} 13. h4 Qb6 (13... Be7 $5 {is a similar version} 14. g5 Qb6 15.
Qf3 d5 $44 {now Black has the strong ...h6! threat, trying to open up even
more lines against the white king.}) 14. Qf3 d5 $44 {as MVL himself mentioned
after the game, was something he was seriously considering and has to be at
least very interesting.}) 12. exd5 Bb4 13. Bg2 Qb6 $2 {Natural, but from now
on Black faces a difficult position because of this move.} (13... Rxc3 $1 {
would get the pawn back and achieve a complex middlegame position after:} 14.
bxc3 Bxc3+ 15. Bd2 Bxa1 16. Qxa1 O-O {White has the pure bishop pair, but on
the other hand he also has many weaknesses around his king and after:} 17. O-O
Qb6+ $132 {followed by either ...e4 or ...Rc8 shows that Black's activity
could become very dangerous.}) 14. Bd2 e4 15. Qe2 O-O 16. O-O-O Nc5 17. Kb1
Rfd8 {The last moves were kind of expected and now the game boils down to the
moment when Black will release the pressure to get the d5-pawn back, and for
many moves, White's g5-move will need to be analysed.} 18. Rhe1 {A strong move,
bringing the last piece into play, but it was already possible to think about
clearing the dust with the aforementioned g5.} (18. g5 $5 Bxc3 19. Bxc3 Nxd5
20. Bd4 $1 (20. Bxe4 $2 Nxc3+ 21. bxc3 Rxd1+ 22. Rxd1 Na4 $1 $19 {[%csl Rc3]
and suddenly White loses!}) 20... Nf4 21. Qf2 Nxg2 22. Bxc5 Qc6 23. Qxg2 Qxc5
24. Qxe4 $16 {with a promising endgame.}) 18... a5 {[%csl Ge1]} (18... Bxc3 $2
{is simply a worse version compared to the last move analysis.} 19. Bxc3 Nxd5
20. Bd4 $18 {with an additional Rhe1 already played, Black has to be in deep
trouble.}) 19. Qf2 $6 {[%csl Rb6,Rc5]} (19. d6 $1 {a very counter-intuitive
and difficult move, worsening the position of the black rook before inserting
g5.} Rxd6 20. g5 $1 {is much stronger now:} Bxc3 21. Bxc3 Nd5 22. Be5 $1 {
this is the key, White wins a very important tempo.} Rdd8 23. Bxe4 Nxe4 24.
Qxe4 $18 {with a winning position.}) 19... Qc7 (19... Bxc3 $1 20. Bxc3 Nxd5 21.
Bd4 a4 $1 {probably underestimated by both players, since apparently Black
doesn't have time for such a move. A sample line could go like this:} 22. bxa4
Qb4 $1 {threatening ...Nxa4} 23. Qg3 (23. Bxc5 $2 Nc3+ $1 24. Kc1 Nxd1 $1 25.
Bxb4 Nxf2 $17) 23... Qxa4 {[%cal Gd5b4] now ...Nb4 is a serious threat} 24. Qa3
Qxa3 25. bxa3 $11 {and Black has every reason to feel at relieved winning the
pawn back and ruining White's structure on the queenside.}) 20. Bf4 (20. g5 $5
{it was the last chance to play this move, but the complications were too
scary.} Nxd5 (20... Bxc3 21. Bxc3 Nxd5 22. Bd4 $16) 21. Nxe4 Nd3 $1 {[%csl Gf2]
[%cal Gc7c2]} 22. cxd3 Qc2+ 23. Ka1 Qxb3 {threatening ...Rc2} 24. Rc1 Bxd2 25.
Qxd2 (25. Nxd2 $2 Qa4+ 26. Kb1 Nb4 27. Bd5 Nxd5 $17) 25... Nb4 26. Nc3 {
Amazingly, all of this was mentioned by Anand in the post-game interview (and
I'm sure MVL had similar calculations), showing how good these guys are. He
said he wasn't sure of the evaluation, which is totally understandable, since
it involves a serious risk to your own king! And he is correct, after a4! the
position remains totally unclear.} a4 $1 $40 (26... Rxd3 $2 27. Qe2 $1 $18 {
threatening mate and following with Be4-Bc2})) 20... Qb6 21. Be5 a4 $1 22. bxa4
Bxc3 23. Bxc3 Nxd5 24. Rxd5 $1 {A good practical decision, maintaining
excellent chances in the following position with the strong bishop pair and
many strong pawns on the queenside.} (24. Bd4 Qb4 $1 $132 {- 19...Bxc3!}) 24...
Rxd5 25. Bxe4 Rd6 26. a5 Qb5 {[%cal Gc5a4]} 27. Qe2 $1 Qxe2 28. Rxe2 {Now it
was urgent for Black to eliminate one of White's strong bishops.} Rd1+ (28...
Nxe4 $1 29. Rxe4 Rdc6 30. Ka2 $13 {[%csl Ra5,Rb2,Rb7,Rc2] the pawn majority on
the queenside may be decisive, and White should have the better prospects, but
there is a lot of play left in the position. It is not too easy to advance
those pawns.}) 29. Ka2 Re8 $2 {A huge mistake, not only because of the way the
game continued, but because Black will not be able to deal with these strong
bishops.} (29... Nxe4 {was again forced, achieving a similar version of the
last move, but having lost an important tempo.}) 30. Bf3 $1 Rxe2 31. Bxe2 Rc1
32. Bf3 Rxc2 {[%cal Ga2a3,Ga3b4]} 33. Bxb7 {Maxime resigned since the a-pawn
is unstoppable. A brilliant performance from the legendary world champion
Vishy Anand, showing hard work with deep opening preparation, strong dynamic
play and impressive calculations. Vachier-Lagrave put up strong resistance
after being surprised in the opening, and could have defended the endgame, if
it wasn't for the final mistake on move 29.} (33. Bxb7 Nxb7 34. a6 {[%csl Rb7,
Gc2][%cal Ga5a6] followed by a7, if the knight leaves.} Re2 {the rook is also
not in time:} 35. axb7 Re8 36. Be5 $1 $18 {[%cal Gb7b8]}) 1-0